[Event "Euro Online U2300 Day 1"]
[Site "chess.com INT"]
[Date "2020.05.25"]
[Round "3"]
[White "Salamero Pelay, Fernando"]
[Black "Gallasch, Jonas"]
[Result "1/2-1/2"]
[WhiteElo "2071"]
[BlackElo "2090"]
[WhiteFideId "2207303"]
[BlackFideId "16222474"]
[EventDate "2020.05.25"]

1. e4 c6 2. d4 d5 3. exd5 cxd5 4. Bd3 Nc6 5. c3 Qc7 6. Ne2 Bg4 7. f3 Bd7 8. O-O
e5 9. dxe5 Nxe5 10. Nd4 Bd6 11. Re1 Ne7 12. Bc2 O-O 13. Nd2 N7c6 14. N2b3 a6 15.
Be3 Nc4 16. Qd3 g6 17. Bh6 Rfe8 18. Rab1 Bxh2+ 19. Kh1 Bg3 20. Rf1 Bf4 21. Bxf4
Qxf4 22. Nxc6 bxc6 23. Qd4 Qxd4 24. Nxd4 Ne3 25. Rfe1 c5 26. Nb3 Nxc2 27. Rxe8+
Rxe8 28. Nxc5 Bf5 29. g4 Bc8 30. Rd1 Ne3 31. Rd4 Nc4 32. b3 Nb6 33. a4 a5 34. b4
Re3 35. bxa5 Rxc3 36. axb6 Rxc5 37. Rb4 Bb7 38. Kg2 Rc4 39. Rb5 Rxa4 40. Rc5 Rb4
41. Rc7 Rxb6 42. Kg3 d4 43. Rd7 Rb3 44. Rxd4 Rxf3+ 45. Kh4 h6 46. g5 h5 47. Rd8+
Kg7 48. Rg8+ Kh7 49. Rh8+ Kg7 50. Rg8+ Kxg8 1/2-1/2

[Event "Euro Online U2300 Day 1"]
[Site "chess.com INT"]
[Date "2020.05.25"]
[Round "3"]
[White "Ghukasyan, Siranush"]
[Black "Stabulnieks, Klavs"]
[Result "1-0"]
[WhiteTitle "WIM"]
[WhiteElo "2222"]
[BlackElo "2204"]
[WhiteFideId "13300946"]
[BlackFideId "11603984"]
[EventDate "2020.05.25"]

1. e4 c5 2. Nf3 e6 3. d4 cxd4 4. Nxd4 a6 5. c4 Nf6 6. Nc3 Bb4 7. Qc2 d6 8. Bd3
Nbd7 9. O-O O-O 10. Bg5 h6 11. Bh4 Qc7 12. a3 Bc5 13. Nf3 Ng4 14. h3 Nge5 15.
Nxe5 Nxe5 16. Be2 Bd7 17. Rad1 b5 18. cxb5 axb5 19. Rc1 b4 20. axb4 Bxb4 21. Nb1
Qxc2 22. Rxc2 Rfc8 23. Nc3 Bc6 24. Rfc1 Bb7 25. f3 Nc4 26. Bf2 Ne5 27. Nb5 Rxc2
28. Rxc2 d5 29. exd5 Bxd5 30. Nc7 Ra1+ 31. Kh2 Bb3 32. Rc5 Bxc5 33. Bxc5 Rb1 34.
Bd4 Nc4 35. Bxc4 Bxc4 36. Na8 Rd1 37. Bc3 Rd6 38. Kg3 Rc6 39. Kf4 f6 40. Ke4 Ba6
41. Bd4 Rc4 42. Ke3 Bb7 43. Nb6 Ba8 44. Nxc4 1-0

[Event "Euro Online U2300 Day 1"]
[Site "chess.com INT"]
[Date "2020.05.25"]
[Round "3"]
[White "Josse, Mark"]
[Black "Terletsky, Oleg"]
[Result "0-1"]
[WhiteTitle "CM"]
[BlackTitle "IM"]
[WhiteElo "2235"]
[BlackElo "2307"]
[WhiteFideId "414476"]
[BlackFideId "14116774"]
[EventDate "2020.05.25"]

1. c4 Nf6 2. Nc3 g6 3. e4 d6 4. d4 Bg7 5. h3 O-O 6. Nf3 e5 7. d5 Na6 8. g4 Nc5
9. Nd2 a5 10. Be2 c6 11. h4 a4 12. g5 Nfd7 13. Nf1 f5 14. gxf6 Nxf6 15. Ng3 Qa5
16. Bd2 Bg4 17. f3 Nh5 18. fxg4 Nxg3 19. Rh3 Rf3 20. Rxg3 Rxg3 21. Kf2 Rxc3 22.
Bxc3 Nxe4+ 23. Kg2 Nxc3 24. bxc3 Qxc3 25. Rb1 Rf8 26. Rxb7 Qe3 0-1

[Event "Euro Online U2300 Day 1"]
[Site "chess.com INT"]
[Date "2020.05.25"]
[Round "3"]
[White "Tsomaia, Nikoloz"]
[Black "Kolchin, Maxim"]
[Result "1-0"]
[WhiteElo "2240"]
[BlackElo "1844"]
[WhiteFideId "13611518"]
[BlackFideId "34147222"]
[EventDate "2020.05.25"]

1. e4 d6 2. d4 Nf6 3. Nc3 e5 4. dxe5 dxe5 5. Qxd8+ Kxd8 6. Bc4 Be6 7. Bxe6 fxe6
8. Bg5 Bd6 9. Nb5 Ke7 10. Nxd6 cxd6 11. f3 h6 12. Be3 Rc8 13. O-O-O Nc6 14. Ne2
a6 15. Kb1 d5 16. Bc5+ Kf7 17. exd5 exd5 18. Nc3 d4 19. Na4 Nd7 20. Ba3 b5 21.
Nc5 Nb6 22. Nd3 Nc4 23. Bc5 Ke6 24. Rhe1 Ne3 25. Rc1 Kd5 26. c3 Nxg2 27. Rg1 Ne3
28. cxd4 exd4 29. Rg6 Nc4 30. b3 Nd2+ 31. Kb2 Nxf3 32. Rf1 Nce5 33. Rd6+ Ke4 34.
Nxe5 Nxe5 35. Rxd4+ Ke3 36. Re1+ Kf2 37. Rxe5 1-0

[Event "Euro Online U2300 Day 1"]
[Site "chess.com INT"]
[Date "2020.05.25"]
[Round "3"]
[White "Buehler, Michael"]
[Black "Calin, Alexandru"]
[Result "0-1"]
[BlackTitle "FM"]
[WhiteElo "2087"]
[BlackElo "2107"]
[WhiteFideId "1326490"]
[BlackFideId "1222961"]
[EventDate "2020.05.25"]

1. Nf3 d6 2. d4 Bg4 3. Nc3 Nf6 4. e4 Nbd7 5. h3 Bh5 6. g4 Bg6 7. Bd3 e5 8. Be3
c6 9. Qd2 Qc7 10. Nh4 b5 11. d5 b4 12. Ne2 Bxe4 13. Bxe4 Nxe4 14. Qxb4 cxd5 15.
f3 Nec5 16. Rd1 Rb8 17. Qc3 d4 18. Nxd4 exd4 19. Bxd4 Ne6 20. Qe3 Qxc2 21. O-O
Qa4 22. Rfe1 Kd8 23. Nf5 Rg8 24. Bc3 Qa6 25. Kg2 g6 26. Nd4 Ndc5 27. b4 Nxd4 28.
bxc5 Ne6 0-1

[Event "Euro Online U2300 Day 1"]
[Site "chess.com INT"]
[Date "2020.05.25"]
[Round "3"]
[White "Ozenir, Ekin Baris"]
[Black "Aliakbarov, Anar"]
[Result "1/2-1/2"]
[WhiteTitle "IM"]
[BlackTitle "FM"]
[WhiteElo "2309"]
[BlackElo "2219"]
[WhiteFideId "6357415"]
[BlackFideId "13401858"]
[EventDate "2020.05.25"]

1. d4 d5 2. c4 e6 3. Nc3 Nf6 4. cxd5 exd5 5. Bg5 Bb4 6. e3 Nbd7 7. Bd3 h6 8. Bh4
O-O 9. Ne2 Re8 10. O-O c6 11. a3 Bd6 12. Bg3 Bxg3 13. Nxg3 b6 14. b4 a5 15. b5
c5 16. dxc5 Nxc5 17. Na4 Bg4 18. Be2 Bxe2 19. Nxe2 Nxa4 20. Qxa4 Ne4 21. Rad1
Qd7 22. Qb3 Rad8 23. Nf4 Re5 24. Rd4 Nc5 25. Qb1 Ne6 26. Nxe6 fxe6 27. Rc1 Rc8
28. a4 Rf5 29. Rd2 Rff8 30. Rdc2 Rxc2 31. Qxc2 Rb8 32. Qc7 Qxc7 33. Rxc7 d4 34.
exd4 Rd8 35. Rc4 e5 36. Kf1 exd4 37. Ke2 d3+ 38. Kd2 Kf7 39. Rc7+ Kf8 40. Rc6
Rd4 41. Rxb6 Rxa4 42. Kxd3 Rb4 43. Kc3 Rb1 44. Rb8+ Kf7 45. b6 a4 46. Ra8 Rxb6
47. Rxa4 Rd6 48. Rd4 Rc6+ 49. Kd3 Ra6 50. Ke3 Ra3+ 51. Rd3 Ra2 52. g4 Ra4 53. h3
h5 54. f4 hxg4 55. hxg4 g6 56. Kf3 Kf6 57. Rd6+ Kf7 58. g5 Ra1 59. Rf6+ Kg7 60.
Rb6 Ra7 61. Ke4 Re7+ 62. Kd5 Rf7 63. Ke5 Rf5+ 64. Ke4 Rf7 65. Re6 Ra7 66. Rd6
Re7+ 67. Kd5 Rf7 68. Ke5 Rf5+ 69. Ke4 Rf7 1/2-1/2

[Event "Euro Online U2300 Day 1"]
[Site "chess.com INT"]
[Date "2020.05.25"]
[Round "3"]
[White "Wadsworth, Matthew J"]
[Black "Karaoglan, Doruk"]
[Result "1-0"]
[WhiteTitle "IM"]
[BlackTitle "CM"]
[WhiteElo "2416"]
[BlackElo "2230"]
[WhiteFideId "415804"]
[BlackFideId "6390927"]
[EventDate "2020.05.25"]

1. Nf3 Nf6 2. g3 g6 3. Bg2 Bg7 4. O-O O-O 5. c4 d6 6. Nc3 Nc6 7. Rb1 e5 8. b4
Nh5 9. b5 Ne7 10. d3 f5 11. Bg5 h6 12. Bxe7 Qxe7 13. Nd2 g5 14. Nb3 f4 15. Nd5
Qf7 16. Na5 Rb8 17. Rc1 g4 18. Be4 Be6 19. Nb4 b6 20. Nac6 Rbe8 21. Nd5 Nf6 22.
Nxf6+ Bxf6 23. Nxa7 Bg5 24. Nc6 Qh5 25. d4 f3 26. Rc3 exd4 27. Nxd4 Bxc4 28.
exf3 Bxf1 29. Qxf1 gxf3 30. Bxf3 Qf7 31. Qc4 Qxc4 32. Rxc4 Re1+ 33. Kg2 Ra1 34.
Bd5+ Kh8 35. Ne6 Rf5 36. Rd4 Rb1 37. g4 Rf6 38. f4 Bh4 39. g5 hxg5 40. fxg5 Bxg5
41. Nxg5 Rxb5 42. h4 Rf5 43. Bb3 Rxg5+ 44. hxg5 Rxg5+ 45. Kf3 Kg7 46. Rg4 Rxg4
47. Kxg4 Kf6 48. Kf4 c6 49. Ke4 d5+ 50. Kd4 Ke6 51. Bd1 Kd6 52. Be2 b5 53. Kc3
Kc5 54. a3 Kb6 55. Kd4 Ka5 56. Bd1 Kb6 57. Bc2 Kb7 58. Kc5 Kc7 59. Bf5 d4 60.
Be4 Kb7 61. Bxc6+ Ka6 62. Kb4 1-0

[Event "Euro Online U2300 Day 1"]
[Site "chess.com INT"]
[Date "2020.05.25"]
[Round "3"]
[White "Doric, Nenad"]
[Black "Petricek, Lukas"]
[Result "1-0"]
[WhiteTitle "IM"]
[WhiteElo "2249"]
[BlackElo "2096"]
[WhiteFideId "14501694"]
[BlackFideId "23703318"]
[EventDate "2020.05.25"]

1. e4 c5 2. Nf3 Nc6 3. c3 g6 4. d4 cxd4 5. cxd4 d5 6. exd5 Qxd5 7. Nc3 Qa5 8. d5
Nb8 9. Qd4 Nf6 10. Bc4 Bg7 11. O-O O-O 12. Re1 Nbd7 13. Qh4 a6 14. Bd2 Qc5 15.
Bb3 Nb6 16. Rac1 Qd6 17. Bf4 Qb4 18. Bg5 Qxh4 19. Bxh4 Re8 20. Ne5 Bf5 21. d6 e6
22. h3 h5 23. f3 Nfd5 24. g4 hxg4 25. hxg4 Nxc3 26. Rxc3 g5 27. Bxg5 Bh7 28. d7
Rf8 29. Be7 Bxe5 30. Rxe5 Nxd7 31. Rg5+ Kh8 32. Bxf8 Rxf8 33. Rc7 Nf6 34. Rxb7 1-0

[Event "Euro Online U2300 Day 1"]
[Site "chess.com INT"]
[Date "2020.05.25"]
[Round "3"]
[White "Osipov, Aleksandr"]
[Black "Voyska, Margarita"]
[Result "0-1"]
[BlackTitle "WGM"]
[WhiteElo "2030"]
[BlackElo "2219"]
[WhiteFideId "44154364"]
[BlackFideId "2900602"]
[EventDate "2020.05.25"]

1. d4 d6 2. c4 e5 3. d5 f5 4. Nc3 Nf6 5. Bg5 Be7 6. Bxf6 Bxf6 7. e4 O-O 8. Bd3
g6 9. Nge2 Na6 10. Ng3 Bg7 11. h4 Nc5 12. Bc2 a5 13. h5 Qg5 14. hxg6 hxg6 15.
Qe2 f4 16. Nf1 Qxg2 17. Rh2 Qg1 18. O-O-O f3 19. Qd2 Bf6 20. Kb1 Bg5 21. Qe1 Bf4
22. Rh4 g5 23. Rh5 Bg4 24. Rh6 Kg7 25. Re6 Nxe6 26. dxe6 Bxe6 27. Nd5 Rf7 28.
Rd3 g4 29. c5 Rh8 30. cxd6 cxd6 31. Rb3 Rh2 32. Nxf4 Bxb3 33. Bxb3 Rxf4 0-1

[Event "Euro Online U2300 Day 1"]
[Site "chess.com INT"]
[Date "2020.05.25"]
[Round "3"]
[White "Manukyan, Sargis A."]
[Black "Pala, Giorgio"]
[Result "1-0"]
[WhiteTitle "FM"]
[WhiteElo "2244"]
[BlackElo "1998"]
[WhiteFideId "13303970"]
[BlackFideId "852406"]
[EventDate "2020.05.25"]

1. d4 f5 2. c4 Nf6 3. Nc3 e6 4. Nf3 Bb4 5. e3 b6 6. Bd3 Bb7 7. O-O O-O 8. Ne2
Be7 9. Ng3 Ne4 10. Nd2 Nxg3 11. hxg3 Nc6 12. a3 d6 13. g4 g6 14. gxf5 exf5 15.
b4 Bf6 16. Bb2 Ne7 17. e4 Bg7 18. Qc2 fxe4 19. Nxe4 Nf5 20. d5 Nd4 21. Bxd4 Bxd4
22. Rab1 Bc8 23. Nd2 Bf5 24. Nb3 Bg7 25. Rbe1 Qd7 26. Bxf5 Rxf5 27. Re4 Raf8 28.
f3 Be5 29. Nc1 Qg7 30. Ne2 Qh6 31. f4 Rh5 32. Rf3 Rh1+ 33. Kf2 Qh4+ 34. g3 Qh2+
35. Ke3 Bg7 36. Rf2 Qh6 37. Kd3 Rh3 38. Kd2 g5 39. Re6 Bf6 40. Qf5 gxf4 41. Qg4+
Kh8 42. Rxf4 Bg5 43. Rxh6 1-0

[Event "Euro Online U2300 Day 1"]
[Site "chess.com INT"]
[Date "2020.05.25"]
[Round "3"]
[White "Tymrakiewicz, Rafal"]
[Black "Tsybulkin, Ivan"]
[Result "0-1"]
[WhiteTitle "FM"]
[WhiteElo "2253"]
[BlackElo "1814"]
[WhiteFideId "1108832"]
[BlackFideId "34165140"]
[EventDate "2020.05.25"]

1. d4 d5 2. Bf4 Bf5 3. c4 e6 4. Nc3 Nf6 5. e3 c6 6. Qb3 Qb6 7. c5 Qxb3 8. axb3
Nbd7 9. b4 a6 10. b5 cxb5 11. Bxb5 Rc8 12. Be2 Be7 13. h3 e5 14. dxe5 Ne4 15.
Nxe4 Bxe4 16. f3 Bf5 17. b4 O-O 18. g4 Be6 19. Kd2 Ra8 20. Bd3 a5 21. Rxa5 Rxa5
22. bxa5 Bxc5 23. Ne2 Bb4+ 24. Kc2 Rc8+ 25. Kb2 Bxa5 26. Rc1 Rxc1 27. Kxc1 Bc7
28. Nd4 Bxe5 29. Bxe5 Nxe5 30. Be2 Nc4 31. Bxc4 dxc4 32. Kc2 Bd7 33. Kc3 b5 34.
Nc2 Kf8 35. Kd4 Ke7 36. f4 Kd6 37. e4 f6 38. f5 Bc6 39. h4 h6 40. Nb4 Bb7 41.
Nc2 Bc6 42. Nb4 Be8 43. Nd5 Bf7 44. Nb4 h5 45. g5 fxg5 46. e5+ Ke7 47. hxg5 h4
48. Nc2 h3 49. e6 h2 50. exf7 Kxf7 51. g6+ Ke7 52. Ne3 h1=Q 53. Nd5+ Kd7 54. Ke5
Qh2+ 55. Kd4 Qh4+ 56. Ke5 Qg3+ 57. Kd4 Qd6 58. Ke4 b4 59. f6 gxf6 60. g7 Qe6+
61. Kf4 Qxd5 0-1

[Event "Euro Online U2300 Day 1"]
[Site "chess.com INT"]
[Date "2020.05.25"]
[Round "3"]
[White "Petrova, Irina"]
[Black "Svicevic, Rastko"]
[Result "1-0"]
[WhiteTitle "WIM"]
[BlackTitle "FM"]
[WhiteElo "2087"]
[BlackElo "2215"]
[WhiteFideId "14124122"]
[BlackFideId "916315"]
[EventDate "2020.05.25"]

1. d4 Nf6 2. Bg5 Ne4 3. Bf4 c5 4. f3 Qa5+ 5. c3 Nf6 6. Nd2 cxd4 7. Nb3 Qf5 8.
Bxb8 Rxb8 9. Qxd4 b6 10. e4 Qe6 11. Bc4 Qc6 12. e5 Ng8 13. Nh3 e6 14. Nf2 Ne7
15. Bd3 Qc7 16. f4 Nc6 17. Qe3 d6 18. O-O dxe5 19. fxe5 Qxe5 20. Be4 Bd7 21. Qf3
Na5 22. Ng4 Bc5+ 23. Kh1 Qg5 24. Qxf7+ Kd8 25. Rad1 Qe7 26. Nxa5 bxa5 27. Ne5
Bd6 28. Qxe7+ Kxe7 29. Rf7+ Ke8 30. Rxd6 Rxb2 31. Rdxd7 Rxa2 32. h3 1-0

[Event "Euro Online U2300 Day 1"]
[Site "chess.com INT"]
[Date "2020.05.25"]
[Round "3"]
[White "Revuckij, Vladimir"]
[Black "Gevorgyan, Maria"]
[Result "0-1"]
[WhiteTitle "IM"]
[BlackTitle "WGM"]
[WhiteElo "2354"]
[BlackElo "2228"]
[WhiteFideId "14106167"]
[BlackFideId "13300270"]
[EventDate "2020.05.25"]

1. e4 c5 2. Nf3 Nc6 3. d4 cxd4 4. Nxd4 g6 5. c4 Nf6 6. Nc3 Nxd4 7. Qxd4 d6 8.
Bg5 Bg7 9. Qd2 O-O 10. Be2 a5 11. O-O a4 12. Rac1 Qa5 13. Rfd1 Be6 14. f3 Rfc8
15. Nd5 Qd8 16. Be3 Nd7 17. Qb4 Bxd5 18. cxd5 b6 19. Rc6 Rcb8 20. Bb5 Nc5 21.
Qd2 Ra5 22. Qe2 Rc8 23. Bd2 Ra7 24. Bc3 Rxc6 25. dxc6 Bxc3 26. bxc3 Qc7 27. h3
Ne6 28. Qc4 a3 29. Rb1 Ra5 30. Rb4 Nc5 31. Qd5 e6 32. Qd2 Ra8 33. Rd4 Rd8 34. c4
e5 35. Rd5 Ne6 36. Qb4 Nd4 37. Qxa3 Nxc6 38. Rd1 Nd4 39. Qb2 Qc5 40. Kh2 Ra8 41.
Rb1 Rb8 42. a4 Qc7 43. Qb4 Qe7 44. a5 bxa5 45. Qxa5 Qf6 46. Qe1 Qf4+ 47. Kh1 Ra8
48. Ra1 Rb8 49. Qf2 Kg7 50. Ra2 Qc1+ 51. Kh2 Nxb5 52. cxb5 Rxb5 53. Rd2 Rb1 54.
Qe2 h5 55. h4 Qc5 56. Kg3 f5 57. exf5 gxf5 58. Qd3 f4+ 59. Kh2 Qg1+ 0-1

[Event "Euro Online U2300 Day 1"]
[Site "chess.com INT"]
[Date "2020.05.25"]
[Round "3"]
[White "Acikel, Mert"]
[Black "Ivanisvili, Andrejs"]
[Result "0-1"]
[WhiteElo "2149"]
[BlackElo "2233"]
[WhiteFideId "12956465"]
[BlackFideId "11601485"]
[EventDate "2020.05.25"]

1. e4 c6 2. d4 d5 3. Nc3 dxe4 4. Nxe4 Nf6 5. Nxf6+ exf6 6. c3 g6 7. Bd3 Bg7 8.
Qc2 O-O 9. Ne2 f5 10. h4 h5 11. Bg5 Bf6 12. Bxf6 Qxf6 13. O-O-O a5 14. f3 a4 15.
Kb1 a3 16. b3 b5 17. g4 fxg4 18. fxg4 Bxg4 19. Rhf1 Qd6 20. Rde1 b4 21. Nf4 Nd7
22. c4 Qxd4 23. Re4 Qd6 24. Rfe1 Nc5 25. Nxg6 fxg6 0-1

[Event "Euro Online U2300 Day 1"]
[Site "chess.com INT"]
[Date "2020.05.25"]
[Round "3"]
[White "Ivanovitch, Nicholas Michael"]
[Black "Majeric, Zoran"]
[Result "1-0"]
[WhiteTitle "CM"]
[BlackTitle "IM"]
[WhiteElo "2201"]
[BlackElo "2241"]
[WhiteFideId "2263041"]
[BlackFideId "14500523"]
[EventDate "2020.05.25"]

1. Nf3 Nf6 2. g3 b5 3. Bg2 Bb7 4. O-O e6 5. d3 Be7 6. Re1 O-O 7. Nbd2 d5 8. a4
b4 9. a5 Na6 10. b3 c5 11. Bb2 Rc8 12. Ne5 Nd7 13. Ndf3 f6 14. Nxd7 Qxd7 15. Qd2
Rfd8 16. Rad1 Qb5 17. Ra1 c4 18. Qe3 e5 19. bxc4 dxc4 20. dxc4 Rxc4 21. Nd2 Rxc2
22. Qb3+ Bd5 23. Qxc2 Bxg2 24. Kxg2 Qd5+ 25. Nf3 e4 26. Nd4 e3+ 27. f3 Nc5 28.
Rad1 Rc8 29. Qb1 Kf7 30. Nc2 Qb3 31. Nd4 Qa4 32. Rc1 Qxa5 33. Nf5 Bf8 34. Nxe3
Qb5 35. Qa2+ b3 36. Qxa7+ Rc7 37. Qxc7+ 1-0

[Event "Euro Online U2300 Day 1"]
[Site "chess.com INT"]
[Date "2020.05.25"]
[Round "3"]
[White "Vujacic, Igor"]
[Black "Mishin, Alexei"]
[Result "1-0"]
[WhiteTitle "CM"]
[WhiteElo "2207"]
[BlackElo "2206"]
[WhiteFideId "932620"]
[BlackFideId "4157940"]
[EventDate "2020.05.25"]

1. e4 e5 2. Nf3 Nf6 3. Nxe5 d6 4. Nf3 Nxe4 5. Nc3 Nxc3 6. dxc3 Be7 7. Be3 Nc6 8.
Qd2 Be6 9. O-O-O Qd7 10. Bd3 O-O-O 11. Kb1 Kb8 12. c4 Ne5 13. Nd4 Bxc4 14. Bf5
Be6 15. Nxe6 fxe6 16. Bh3 Bf6 17. Bd4 Rhe8 18. Rhe1 Qb5 19. Bxe5 Bxe5 20. c4 Qc5
21. b4 Qxc4 22. Rxe5 c5 23. Re3 cxb4 24. Qd4 b5 25. Bxe6 Qxd4 26. Rxd4 a5 27. f4
Re7 28. f5 Kc7 29. Rg4 d5 30. Rd3 Kc6 31. Rgd4 Rd6 32. Rxd5 Rexe6 33. fxe6 Rxd5
34. Rxd5 Kxd5 35. e7 1-0

[Event "Euro Online U2300 Day 1"]
[Site "chess.com INT"]
[Date "2020.05.25"]
[Round "3"]
[White "Skatchkov, Valery"]
[Black "Khachatryan, Samvel S."]
[Result "1/2-1/2"]
[WhiteTitle "FM"]
[WhiteElo "2242"]
[BlackElo "2179"]
[WhiteFideId "24195812"]
[BlackFideId "13309048"]
[EventDate "2020.05.25"]

1. d4 Nf6 2. c4 e6 3. Nf3 c5 4. d5 b5 5. Bg5 bxc4 6. e4 d6 7. Nc3 Be7 8. Bxc4 e5
9. O-O O-O 10. Qe2 Nfd7 11. Bxe7 Qxe7 12. Nd2 f5 13. exf5 Rxf5 14. Bd3 Rf8 15.
Rae1 Nf6 16. f4 Nbd7 17. Nc4 Re8 18. Bf5 Ba6 19. Be6+ Kh8 20. f5 Nb6 21. b3 Nxc4
22. bxc4 Rab8 23. Nb5 Bxb5 24. cxb5 Qb7 25. a4 Nxd5 26. Bxd5 Qxd5 27. Rd1 Qb3
28. Rxd6 Qxa4 29. f6 gxf6 30. Qf3 Qf4 31. Qh3 Qg5 32. Rdxf6 Rxb5 33. Rf7 Qg6 34.
Qd7 Rg8 35. g3 Rb2 36. Qe7 Qxg3+ 37. hxg3 Rxg3+ 38. Kh1 Rh3+ 39. Kg1 Rg3+ 40.
Kh1 Rh3+ 41. Kg1 Rg3+ 1/2-1/2

[Event "Euro Online U2300 Day 1"]
[Site "chess.com INT"]
[Date "2020.05.25"]
[Round "3"]
[White "Borkovec, Milan"]
[Black "Shapkin, Anatoliy"]
[Result "0-1"]
[WhiteElo "2219"]
[BlackElo "2283"]
[WhiteFideId "307610"]
[BlackFideId "34108332"]
[EventDate "2020.05.25"]

1. e4 e5 2. Nf3 Nc6 3. d4 exd4 4. Bc4 Nf6 5. e5 d5 6. Bb5 Ne4 7. Nxd4 Bd7 8.
Bxc6 bxc6 9. O-O Be7 10. f3 Nc5 11. f4 O-O 12. Nc3 Rb8 13. f5 Re8 14. Bf4 Bf8
15. Rb1 Rb4 16. a3 Rxd4 17. Qxd4 Bxf5 18. Qf2 Ne6 19. Kh1 Bg6 20. Bg3 Bc5 21.
Qd2 h5 22. h3 h4 23. Bh2 Be7 24. Qf2 c5 25. Rbd1 c6 26. Ne4 Rf8 27. Nd6 f6 28.
Qe3 Qd7 29. Nf5 Bxf5 30. Rxf5 Nd4 31. Rf2 f5 32. c3 Ne6 33. Rdf1 g6 34. Qh6 Qe8
35. Qe3 Bg5 36. Qe2 c4 37. Bg1 Nc5 38. Rf3 Ne4 39. Bd4 c5 40. Be3 Qxe5 41. Kg1
Ng3 42. Rxg3 hxg3 43. Rf3 Re8 0-1

[Event "Euro Online U2300 Day 1"]
[Site "chess.com INT"]
[Date "2020.05.25"]
[Round "3"]
[White "Denisenko, Denis"]
[Black "Afonasieva, Anna"]
[Result "0-1"]
[BlackTitle "WIM"]
[WhiteElo "2076"]
[BlackElo "2274"]
[WhiteFideId "4170652"]
[BlackFideId "24173606"]
[EventDate "2020.05.25"]

1. d4 d5 2. Bf4 c5 3. e3 Nc6 4. c3 Nf6 5. Nd2 Bf5 6. Ngf3 e6 7. Be2 Bd6 8. Bg3
O-O 9. O-O Qe7 10. Ne5 Ne4 11. Nxe4 Bxe4 12. Nxc6 bxc6 13. Bxd6 Qxd6 14. dxc5
Qxc5 15. Qd4 Qb6 16. b4 c5 17. bxc5 Qc6 18. c4 dxc4 19. f3 Bd3 20. Bxd3 cxd3 21.
Qxd3 Qxc5 22. Rac1 Qa5 23. Rf2 h6 24. Qc3 Qa4 25. Qc4 Qd7 26. Rfc2 Rfd8 27. Qf4
Rf8 28. Rc7 Qd5 29. Qc4 Qd2 30. e4 Qe3+ 31. Kh1 Rad8 32. Qc5 Qe2 33. Rxa7 Kh7
34. Rg1 Rd1 35. h3 Rfd8 36. Kh2 Rxg1 37. Qxg1 Rd1 38. Qc5 Rd2 39. Qg1 Qxf3 40.
e5 Qf4+ 41. Kh1 Rf2 42. Qb1+ g6 0-1

[Event "Euro Online U2300 Day 1"]
[Site "chess.com INT"]
[Date "2020.05.25"]
[Round "3"]
[White "Jakubowska, Anna"]
[Black "Pankratov, Oleg"]
[Result "0-1"]
[WhiteTitle "WIM"]
[WhiteElo "2073"]
[BlackElo "2104"]
[WhiteFideId "1121952"]
[BlackFideId "24115290"]
[EventDate "2020.05.25"]

1. e4 g6 2. d4 Bg7 3. Nc3 d6 4. g3 Nf6 5. Bg2 O-O 6. Nge2 Nc6 7. O-O e5 8. h3
exd4 9. Nxd4 Nxd4 10. Qxd4 Re8 11. Qd3 Bd7 12. Bd2 Bc6 13. Rae1 a5 14. Kh2 Rb8
15. a4 Nd7 16. b3 Nc5 17. Qc4 Qd7 18. f4 Qe6 19. Nd5 b5 20. axb5 Bxb5 21. Nxc7
Bxc4 22. Nxe6 Bxe6 23. Bxa5 Bf8 24. Rd1 Ra8 25. Bc7 Ra2 26. Rc1 Rc8 27. Bb6 Nd7
28. Bd4 Rcxc2 29. Rxc2 Rxc2 30. Rb1 Nc5 31. b4 Nxe4 32. b5 Nd2 33. b6 Bd5 34.
Bxd5 Nf3+ 35. Kh1 Rh2# 0-1

[Event "Euro Online U2300 Day 1"]
[Site "chess.com INT"]
[Date "2020.05.25"]
[Round "3"]
[White "Lauda, Alexandr"]
[Black "Vardanyan, Aras"]
[Result "1/2-1/2"]
[WhiteElo "1984"]
[BlackElo "2178"]
[WhiteFideId "13903179"]
[BlackFideId "12808792"]
[EventDate "2020.05.25"]

1. e4 c5 2. d4 cxd4 3. c3 Nf6 4. e5 Nd5 5. Nf3 Nc6 6. Bc4 Nb6 7. Bb3 d6 8. exd6
Qxd6 9. O-O g6 10. cxd4 Bg7 11. Be3 O-O 12. Nc3 Bg4 13. h3 Bxf3 14. Qxf3 a6 15.
d5 Ne5 16. Qg3 Nec4 17. Bf4 Qb4 18. Rab1 Rac8 19. d6 e5 20. Be3 Nxe3 21. fxe3
Qxd6 22. Ne4 Qd3 23. Ng5 Nc4 24. Rbd1 Qxe3+ 25. Qxe3 Nxe3 26. Rxf7 Nxd1 27. Rc7+
Kh8 28. Nf7+ Rxf7 29. Rxc8+ Rf8 30. Rxf8+ Bxf8 31. Bxd1 Kg7 32. Kf1 Kf6 33. Bf3
b5 34. b3 Kf5 35. a4 e4 36. Be2 bxa4 37. bxa4 a5 38. Bb5 Kf4 39. Ke2 g5 40. Bc6
Bc5 41. Bb7 h5 42. Bc6 Bb4 43. Be8 h4 44. Bc6 Bc3 45. Bb7 Bd4 46. Bc6 e3 47. Bf3 1/2-1/2

[Event "Euro Online U2300 Day 1"]
[Site "chess.com INT"]
[Date "2020.05.25"]
[Round "3"]
[White "Abozenko, Georg"]
[Black "Babiy, Olga"]
[Result "0-1"]
[BlackTitle "WGM"]
[WhiteElo "2058"]
[BlackElo "2228"]
[WhiteFideId "4500210"]
[BlackFideId "14117258"]
[EventDate "2020.05.25"]

1. d4 d5 2. c4 dxc4 3. e4 Nc6 4. d5 Ne5 5. f4 Nd3+ 6. Bxd3 cxd3 7. Qxd3 e6 8.
Qb5+ Bd7 9. Qxb7 Nf6 10. dxe6 Bxe6 11. Nc3 Be7 12. Nge2 O-O 13. O-O Ng4 14. h3
Bc5+ 15. Kh1 Nf2+ 16. Kh2 Qh4 17. f5 Ng4+ 18. Kh1 Bc4 19. Qxc7 Rac8 20. Qf4 h5
21. Qg3 Qxg3 22. Nxg3 Bxf1 23. Nxf1 Nf2+ 24. Kh2 Rfe8 25. Nd2 Bd4 26. Kg3 Nd3
27. Nd5 Nxc1 28. Nf3 Ne2+ 29. Kh4 Rxe4+ 30. Kxh5 Ng3+ 31. Kg5 Kh7 0-1

[Event "Euro Online U2300 Day 1"]
[Site "chess.com INT"]
[Date "2020.05.25"]
[Round "3"]
[White "Korotaev, Yaroslav"]
[Black "De Verdier, Michael"]
[Result "1/2-1/2"]
[BlackTitle "FM"]
[WhiteElo "1893"]
[BlackElo "2291"]
[WhiteFideId "54153450"]
[BlackFideId "1710516"]
[EventDate "2020.05.25"]

1. d4 Nf6 2. c4 e6 3. Nf3 d5 4. g3 dxc4 5. Bg2 Bd7 6. O-O Bc6 7. Ne5 Bxg2 8.
Kxg2 a6 9. a4 Nc6 10. Nxc6 Qd5+ 11. f3 Qxc6 12. Be3 Rd8 13. Qc2 Nd5 14. Bf2 b5
15. axb5 axb5 16. b3 Nb4 17. Qc3 cxb3 18. Qxb3 Be7 19. Nc3 O-O 20. Ra5 Rb8 21.
Rb1 Qd7 22. e4 c6 23. Rba1 Rb7 24. Ne2 Qd6 25. Be1 c5 26. dxc5 Qxc5 27. Rc1 Qd6
28. Rd1 Qc5 29. Rc1 Qd6 30. Rd1 Qc5 31. Rc1 1/2-1/2